Stati per tasso di mortalità - America del Nord - Statistics

Statistiche generali
  • Questo quiz è stato fatto 4 volte
  • Il punteggio medio è 7 su 10
Statistiche sulle risposte
Tasso di mortalità (morti/ 1000 abitanti) Nazione % Corretto
8,17 Canada
100%
9,37 Cuba
100%
8,42 Stati Uniti
100%
8,03 Barbados
75%
7,32 Giamaica
75%
8,12 Dominica
50%
8,34 Grenada
50%
8,17 Saint Lucia
50%
7,58 Saint Vincent e Grenadine
50%
8,48 Trinidad e Tobago
50%
Nessun quiz corrispondente trovato
Distribuzione punteggi
Percentuale di utenti per punteggio
Percentile per numero di risposta
I tuoi punteggi nel tempo
Non hai fatto questo quiz